000
00201 a2200097 4500
001
11048
100
_a
Jackson, R.
245
_a
South Asian Cr
260
_a
_b
Chatto & Windus
_c
090
_c
8613
_d
8613
942
_a
NUST-CAE
_c
M
_c
35393
999
_c
246121
_d
246121